00858nam a2200253Ia 450000500170000000800410001702000150005810000470007324500420012025000190016230000270018150000420020865000390025065000420028965000330033165000360036465000390040026400310043933600270047033700330049733800280053004000350055808400110059320220317000536.0160601s2002 ck g 000 0 spa  a95870401981 aMoreno Durán, Rafael Humbertod1946-200510aFémina Suite cR. H. Moreno-Durán a1a. edición  a766 páginas c24 cm  aIncluye datos biográficos del autor142LEMBaNovela colombiana xSiglo XX142LEMBaLiteratura colombianaySiglo XX142LEMBaAmor en la literatura 142LEMBaMujeres en la literatura 142LEMB aHumorismo en la literatura  aBogotá bAlfaguarac2002 atextobtxt2rdacontent asin mediaciónbn2rdamedia avolumenbnc2rdacarrier aCO-BoRNBPbspaerdacCO-BoRNBP aN MOR8